000 00983nam a2200301Ia 4500
003 OSt
005 20221007125725.0
006 a|||||r|||| 00| 0
007 ta
008 221006b |||||||| |||| 00| 0 eng d
020 _a9781402050008 (hbd)
_cRs.5903.05
024 _a76849
037 _b291, 08/03/2007, Educational Book Agency (India)
_cTextbook
040 _aCDL
_cCDL
_beng
041 _2eng
_aeng
082 _aE:9S, P7 Carc
100 _aBunin B A
_9445396
245 0 _aChemoinformatics:theory, practice, and products
_b Siesel B Morales G A Bajorath J
260 _c2007
500 _aIndex 283-295p
650 _a Chemoinformatics
_9445397
650 _aChemistry
700 _a Bajorath J
_9722368
700 _a Morales G A
_9722369
700 _a Siesel B
_9445398
942 _hE:9S, P7 Carc
_cTB
_2CC
999 _c1215766
_d1215766